000 00432nam a22001697a 4500
003 MPLRDC
005 20220104145422.0
008 210129b ||||| |||| 00| 0 eng d
082 _a435.8 CDSY
100 _a成都园林学会盆景组, 成都市园林管理局编
245 _a成都盆景
_c
250 _a初版
260 _a
_b四川人民出版社
_c1981
300 _b
650 _a盆栽
942 _cBK
_o435.8 CDSY
999 _c51304
_d51294